Statistiken für Gemeinden des Kantons Uri

Klicken Sie hier um das Quiz zu spielen!

Allgemein

  • Dieses Quiz wurde 683 mal gespielt
  • Das Durchschnittsergebnis liegt bei 13 aus 19

Antworten auf der Karte

Die Antworten werden auf der Karte rot bzw. grün angezeigt, abhängig davon wie oft sie richtig erraten wurden.
 

Antwortstatistiken

EinwohnerGemeinde% Korrekt
9’537Altdorf
98%
1’433Andermatt
88%
431Göschenen
83%
1’961Flüelen
82%
3’845Erstfeld
77%
405Wassen
72%
678Seelisberg
71%
150Realp
70%
5’413Schattdorf
69%
180Hospental
66%
2’051Seedorf
65%
383Sisikon
65%
3’995Bürglen
59%
1’750Attinghausen
58%
474Isenthal
58%
1’957Silenen
58%
528Gurtnellen
54%
702Unterschächen
52%
830Spiringen
51%

Verteilung der Resultate

Perzentil nach korrekt beantworteten Fragen

Anzahl Personen mit jedem Resultat

Ihre Resultats-Entwicklung

Sie haben dieses Quiz noch nicht gespielt